000 01136nkm a2200289 i 4500
001 4115
003 ES-MaACL
005 20250713062925.0
007 khrbo
008 070627s1987 sp --- g |001||spa d
100 0 _aAlfonso,
_d1902-1990
_919858
245 1 0 _aFederico García Sanchiz [
_hFotografía] /
_cAlfonso (sello).
260 _a[S.l. :
_bs.n.],
_c1987.
300 _a2 fot. :
_bb. y n. ;
_c12 x 18 cm.
500 _aDatos basados en invitación.
511 0 _aInterviene: Ubaldo G. Visier; presenta: José López Martínez.
518 _aActo organizado por el Ateneo de Madrid, celebrado en el salón de actos el miércoles, 14 de octubre de 1987, a las 19:30 h.
600 1 4 _aVisier, Ubaldo G.
_9115487
600 1 4 _aLópez Martínez, José.
_973758
610 2 4 _aAteneo de Madrid-
_xActos culturales-
_y1987-
_vFotografías.
_91902
710 2 _aAteneo de Madrid.
_91875
800 1 _aGarcía Sanchiz, Federico,
_d1886-1964
_955269
852 _aES-MaACL
_jFOT 180/1987
856 4 _uhttp://www.ateneodemadrid.net/biblioteca_digital/imagenes/1987/0180-1987.jpg
_zVer imagen
942 _2udc
999 _c4115
_d4115